| 000 | 00862nam a2200229 4500 | ||
|---|---|---|---|
| 001 | 143388 | ||
| 003 | ES-MaACL | ||
| 007 | t| | ||
| 008 | 070214s1926 sp r ||||1| cat d | ||
| 100 | 1 |
_aSéneca, Lucio Anneo. _9105451 |
|
| 245 | 1 | 0 |
_aDialegs _b: ; Diáalegs a Seré ; De la constáancia del savi ; De la tranquilitat de l'esperit ;De l'oci ; De la clemència, a Neró Cèsar / _cLucio Anneo Séneca ; Text revisat i traducció del Dr. Carles Cardó. |
| 260 |
_aBarcelona : _bFundació Bernat Metge, _c1926. |
||
| 300 |
_a151 p. ; _c22 cm. |
||
| 700 | 1 |
_aCardó, Carles. _935168 |
|
| 710 | 2 |
_aFundació Bernat Metge. _94201 |
|
| 740 | 0 | _aDiáalegs a Serè. | |
| 740 | 0 | _aDe la constáancia del savi. | |
| 740 | 0 | _aDe la tranquilitat de l'esperit. | |
| 740 | 0 | _aDe l'oci. | |
| 740 | 0 | _aDe la clemència, a Neró Cèsar. | |
| 852 |
_aES-MaACL _jC-6789 |
||
| 999 |
_c143388 _d143388 |
||